Animal Crossing Species: Deer - Statistics

General Stats
  • This quiz has been taken 18 times
  • The average score is 5 of 12
Answer Stats
Answer % Correct
Fauna
75%
Erik
67%
Bam
58%
Diana
50%
Shino
50%
Zell
50%
Beau
42%
Bruce
42%
Fuchsia
42%
Lopez
42%
Chelsea
25%
Deirdere
0%
No matching quizzes found
Score Distribution
Percent of People with Each Score
Percentile by Number Answered
Your Score History
You have not taken this quiz